书目信息 |
| 题名: |
社会语言学
|
|
| 作者: | Ralph Fasold 著 杨永林导读 | |
| 分册: | ||
| 出版信息: | 北京 外语教学与研究出版社 2000.08 |
|
| 页数: | 347页 | |
| 开本: | 32开 | |
| 丛书名: | ||
| 单 册: | ||
| 中图分类: | H003 | |
| 科图分类: | ||
| 主题词: | 语言学 | |
| 电子资源: | ||
| ISBN: | 7-5600-1918-8 | |
| 000 | 00638nam0 2200193 45 | |
| 001 | 0012100821 | |
| 005 | 20041209153134.15 | |
| 010 | @a7-5600-1918-8@dCNY 32.90 | |
| 100 | @a20001210d2000 km y0chiy0120 ea | |
| 101 | 0 | @achi |
| 200 | 1 | @a社会语言学@Ashe hui yu yan xue@d=The Sociolinguistics of Language@fRalph Fasold 著 杨永林导读@FRalph Fasold Zhu Yang Yong Lin Dao Du |
| 210 | @a北京@c外语教学与研究出版社@d2000.08 | |
| 215 | @a347页@d32开 | |
| 510 | @a=The Sociolinguistics of Language | |
| 606 | 0 | @a语言学 |
| 690 | @aH003@v3 | |
| 701 | 0 | @aRalph Fasold 著 杨永林导读 |
| 801 | @aCN@bPftUser@c20041209 | |
| 905 | @b301736@dH003@eF226@f1 | |
| 社会语言学=The Sociolinguistics of Language/Ralph Fasold 著 杨永林导读.-北京:外语教学与研究出版社,2000.08 |
| 347页;32开 |
| ←并列题名:=The Sociolinguistics of Language |
| ISBN 7-5600-1918-8:CNY 32.90 |
| ● |
| 相关链接 |
|
|
|
正题名:社会语言学
索取号:H003/F226
 
预约/预借
| 序号 | 登录号 | 条形码 | 馆藏地/架位号 | 状态 | 备注 |
| 1 | 301736 | 203017369 | 语言库209/209语言库 62排4列1层/ [索取号:H003/F226] | 在馆 | |
| 2 | 420749 | 204207492 | 外国语学院资料室/ [索取号:H003/F226] | 在馆 | |
| 3 | 431619 | 204316196 | 语言库209/209语言库 62排4列1层/ [索取号:H003/F226] | 在馆 | |
| 4 | 431620 | 204316203 | 语言库209/209语言库 62排4列1层/ [索取号:H003/F226] | 在馆 | |
| 5 | 432425 | 204324258 | 自科二线404/209语言库 62排4列1层/ [索取号:H003/F226] | 在馆 |